01138cam a2200301 i 450000100090000000300090000900500170001800800410003502000310007604000330010708200210014024500810016125000200024226400480026230000480031033600260035833700280038433800270041250400520043965000340049165300230052565500170054870000370056570000380060294200250064099900170066595201540068217601043EG-ScBUE20230319110104.0130124s2013 enka f b 001 0 eng d a9780273721338 (alk. paper) aDLCbengerdacDLCdEG-ScBUE04a796.069bBUS22204aThe business of sport management /cedited by John Beech and Simon Chadwick. aSecond edition. 1aHarlow :bPearson Education Limited,c2013. axxxiii, 592 pages :billustrations ;c25 cm 2rdacontentatextbtxt 2rdamediaaunmediatedbn 2rdacarrieravolumebnc aIncludes bibliographical references and index.  7aSports administration.2BUEsh bBUSADMcAugust2015 vReading book1 aBeech, John G.,d1947-,eeditor.1 aChadwick, Simon,d1964-,eeditor. 2ddck796.069 BUScBB c20544d20516 00102ddc40708BaccahaMAINbMAINc2NDd2015-08-17epurchaseg352.00h21758l1o796.069 BUSp000039700r2025-07-15 00:00:00s2015-08-19v440.00yBB